000 01114nam a22002537a 4500
999 _c13261
_d13261
003 AR-CdUCM
008 190411b ||||| |||| 00| 0 spa d
040 _aMUNICIPALIDAD PROVINCIAL DEL CUSCO
_cBIBLIOTECA MUNICIPAL DEL CUSCO
041 _hfre
082 _a086.909 /
_bC91
100 _aCrouzet, Maurice
_944046
245 _aHistoria general de las civilizaciones /
260 _aBarcelona :
_bEdiciones Destino,
_c1961.
300 _a3 tomos ;
_bláminas, ilustraciones, tablas, mapas,
_c23 cm.
505 _aContenido: v.3.- La edad media : La expansión del oriente y el nacimiento de la civilización occidental -- t.4.- Los siglos XVI y XVII el progreso de la civilización europea y la decadencia de oriente (1492 - 1715) -- t.6.- El siglo XIX el apogeo de la expansión europea (1815 - 1914)
650 _aCivilización
_91048
650 _aHistoria
_944047
650 _aEuropa
_91221
700 _aAuboyer, Jeannine
_931582
700 _aCahen, Claude ... (colaboradores)
_931583
700 _aRipoll Perelló, Eduardo (traducción)
_931584
942 _2ddc
_cLIBROS
945 _aachl
_d2019-04-11